00683 2200253 4500001002100000005001500021035002000036007000300056008004100059020002200100082000800122084001400130100001800144245009100162250001000253260003300263300003500296650002700331700001900358700001900377520001100396990001100407990001100418INLIS00000000000306720190207095750 a0010-0219000009ta190207 g 0 ind  a978-602-7696-42-6 a909 a909 STR h0 aSTROOMBERG, J1 aHindia Belanda 1930 /cJ. Stroomberg; penerjemah, Heri Apriyono; editor, Bagus Pradana acet.1 aYogyakarta :bIRCiSoD,c2018 axxv, 484 hlm. :bilus ;c24 cm aSEJARAH.HINDIA BELANDA0 aHERI, Apriyono0 aBAGUS, Pradana aIndeks a6468 a a6468 b